000 00617nam a2200229Ia 4500
003 OSt
005 20220928102233.0
006 a|||||r|||| 00| 0
007 ta
008 220927b |||||||| |||| 00| 0 eng d
024 _a47971
037 _cTextual
040 _aSDCL
_cSDCL
_beng
041 _2eng
_aeng
082 _aR3xC, L1
100 _aRosenfield Lawrence William
_9397325
245 0 _aAristotle and information theory.
260 _aNetherland
_bMouton & Co.
_c1971
300 _a150p
_ccm.
942 _hR3xC, L1
_cTEXL
_2CC
999 _c713111
_d713111